Southville International School and Colleges
Your cart is empty.
  • Cart
  • Lists
    Public lists Eva Luna New books Lux_list list_1
    Your lists Log in to create your own lists
  • Log in to your account
  • Your cookies
  • Search history
Southville International School and Colleges
  • Advanced search
  • Recent comments
  • Most popular
  • Libraries

Log in to your account

Log in with GOOGLE


If you do not have an external account, but do have a local account, you can still log in:

  1. Home
  2. MARC view: Thesaurus on Philippine environment /
Normal view MARC view ISBD view

Thesaurus on Philippine environment / (Record no. 305860)

[ view plain ]
MARC details
000 -LEADER
fixed length control field 00698nam a2200241Ia 4500
008 - FIXED-LENGTH DATA ELEMENTS--GENERAL INFORMATION
fixed length control field 170203s9999 xx 000 0 und d
020 ## - INTERNATIONAL STANDARD BOOK NUMBER
International Standard Book Number 971569490x
050 ## - LIBRARY OF CONGRESS CALL NUMBER
Classification number 333.7
050 ## - LIBRARY OF CONGRESS CALL NUMBER
Item number Se443t 2005
245 ## - TITLE STATEMENT
Title Thesaurus on Philippine environment /
245 ## - TITLE STATEMENT
Statement of responsibility, etc compiled by Romeo A. Sebastian ; edited by Ma. Rosario G. Wood and Milagros S. Serrana.
260 ## - PUBLICATION, DISTRIBUTION, ETC. (IMPRINT)
Place of publication, distribution, etc Makati City, Philippines :
260 ## - PUBLICATION, DISTRIBUTION, ETC. (IMPRINT)
Name of publisher, distributor, etc Bookmark, Inc.
260 ## - PUBLICATION, DISTRIBUTION, ETC. (IMPRINT)
Date of publication, distribution, etc 2005
300 ## - PHYSICAL DESCRIPTION
Extent 163 pages ;
300 ## - PHYSICAL DESCRIPTION
Dimensions 23 cm.
650 ## - SUBJECT ADDED ENTRY--TOPICAL TERM
Topical term or geographic name as entry element Subject headings --
650 ## - SUBJECT ADDED ENTRY--TOPICAL TERM
Topical term or geographic name as entry element Subject headings --
650 ## - SUBJECT ADDED ENTRY--TOPICAL TERM
Topical term or geographic name as entry element Subject headings --
650 ## - SUBJECT ADDED ENTRY--TOPICAL TERM
General subdivision Ecology.
650 ## - SUBJECT ADDED ENTRY--TOPICAL TERM
General subdivision Environmental sciences.
650 ## - SUBJECT ADDED ENTRY--TOPICAL TERM
General subdivision Philippines.
Holdings
Withdrawn status Lost status Damaged status Home library Current library Shelving location Date acquired Total Checkouts Full call number Barcode Date last seen Price effective from Koha item type
      Stonyhurst Southville International School (Batangas) Stonyhurst Southville International School (Batangas)   02/03/2017   Ref. 333.7 .Se443t 2005 US- 0744 02/03/2017 02/03/2017 Books

Thesaurus on Philippine environment /

APA

Thesaurus on Philippine environment. Makati City, Philippines: .

Chicago

Thesaurus on Philippine environment. Makati City, Philippines: .

Harvard

Thesaurus on Philippine environment. Makati City, Philippines: .

MLA

Makati City, Philippines: . .

  • Place hold
  • Print
  • Cite
  • Add to your cart (remove)
  • Save record
    BIBTEX Dublin Core MARCXML MARC (non-Unicode/MARC-8) MARC (Unicode/UTF-8) MARC (Unicode/UTF-8, Standard) MODS (XML) RIS
  • More searches
    Search for this title in:
    Other Libraries (WorldCat) Other Databases (Google Scholar) Online Stores (Bookfinder.com) Open Library (openlibrary.org)

Exporting to Dublin Core...

SOUTHVILLE LIBRARY

Southville International School and Colleges Library

1281 Tropical Ave. Cor. Luxembourg St., BF Homes International, Las Pinas City

Tel. No. 8256374 / 252358 Loc. 117/146

Powered by Koha